000
00266nam a22001217a 4500
008
180227b xxu||||| |||| 00| 0 eng d
041
_a
eng
080
_a
030
100
_a
25
101
_a
GJU
245
_a
UNGERS BIBLE DICTIONARY
_c
MERRILL.F.U
942
_2
udc
_c
BK
999
_c
43631
_d
43631